000 00608cam a22001691 4500
082 _a511.5
_bALL
_cL-2,p-49
100 1 _aAllcock, Harold John.
_939102
245 1 4 _aThe nomogram;
_bthe theory and practical construction of computation charts,
_cby H. J. Allcock and J. Reginald Jones. Rev. by J. G. L. Michel.
250 _a4th ed.
260 _aNew York,
_bPitman Pub. Corp.
_c[1950]
300 _ax, 238 p.
_bdiagrs.
_c23 cm.
526 _a0
_b0
_c0
_d511_500000000000000_ALL
650 0 _aMCE
_9379
650 0 _aNomography (Mathematics)
_939066
700 1 _aJones, John Reginald.
_939103
942 _2ddc
_cBK
999 _c543654
_d543654